000 01751nam1a2200301 i 4500
001 RU\NLR\BIBL_A\010782563
005 20241115070310.0
035 _a(NLR Aleph) 010782563
090 _a10075202
_c10075202
100 _a20150527g20159999k y0rusy50 ca
101 0 _arus
102 _aRU
105 _a z
200 1 _aВторые Всероссийские исторические чтения
_eсборник научных докладов и сообщений, г. Волгоград, 7 ноября 2014 г.
_e[в 2 ч.]
_fпод ред. проф. Д.В. Полежаева
210 _aМосква
_cПланета
_d2015
215 _d20
300 _aВ надзаг.: М-во образования и науки Рос. Федерации, М-во образования и науки Волгогр. обл., Волгогр. гос. акад. последиплом. образования, Каф. обществ. наук, Ассоц. учителей истории и обществознания, Волгогр. регион. отд-ние
606 _aСталинградская битва
_jСъезды, совещания и т.п
_z1942 - 1943
_92085735
_3RU\NLR\AUTH\661261857
606 1 _aСталинградская битва
_jСъезды, совещания и т.п
_xИзучение в школе
_z1942 - 1943
_92458874
_3RU\NLR\AUTH\661461277
686 1 _aЦ35(2)722.311я431
686 1 _aТ3(2)722.112.2я431
686 1 _aЧ426.32я431
710 1 2 _aВсероссийские исторические чтения
_d2
_eВолгоград
_f2014
_9469538
_3RU\NLR\AUTH\880401314
852 _aNLR
_j2015-3/17022
942 _cBOOK
980 _aNBR